Fundamentals of algorithmics

Αποθηκεύτηκε σε:
Λεπτομέρειες βιβλιογραφικής εγγραφής
Κύριος συγγραφέας: Brassard, Gilles 1955-
Άλλοι συγγραφείς: Bratley, Paul
Μορφή: Βιβλίο
Γλώσσα:English
Δημοσίευση: Englewood : Prentice-Hall, c1996
Θέματα:
Ετικέτες: Προσθήκη ετικέτας
Δεν υπάρχουν, Καταχωρήστε ετικέτα πρώτοι!

MARC

LEADER 00000nam a2200000 i 4500
001 1/5302
008 000602s1996 eng d
020 |a 0-13-335068-1 
035 |l 10061535 
040 |a GR-MY-UA  |b gre  |e aacr 
041 0 |a eng 
082 0 |a 511.8  |2 (20) 
100 1 |a Brassard, Gilles  |d 1955- 
245 1 0 |a Fundamentals of algorithmics /  |c Gilles Brassard and Paul Bratley 
260 |a Englewood :   |b Prentice-Hall,   |c c1996 
300 |a xix, 524 p.;  |b ill.;  |c 25 cm. 
504 |a Includes bibliographical references (p. 501-515) and index 
650 0 0 |a Algorithms. 
700 1 |a Bratley, Paul. 
852 |a INST  |b SAMOS  |e 20000602  |h 511.8 BRA  |p 005300017166  |q 005300017166  |t BK  |y 0 
901 |a BIBL3-2000-2 
909 |a Σ  |b 078775 
922 |a 3ΕΛΗ  |b 200005  |c ΚΠΣ  |d ΠΑΠΑΣΩΤΗΡΙΟΥ 
950 |a 116-1999-12-31 
970 |a ΜΑΛΑΓΑΡΗ  |b ΦΩΤΕΙΝΗ  |z 2000/07/27